| 000 | 00448nam a22001217a 4500 | ||
|---|---|---|---|
| 082 | _a200 THE | ||
| 100 |
_aMUHAMMAD ROHAIL TAHIR _969458 |
||
| 245 | _aTH-SOF-1556-THE IMPACT OF EMOTIONAL INTELLIGENCE (EI) AND ALTRUISM ON TURNOVER INTENTIONS (TI). A STUDY ON A PUBLIC SECTOR ORGANIZATION | ||
| 260 |
_aISLAMABAD _bNUST COLLEGE OC EME _c2018 |
||
| 650 |
_aMS-EM-9 MSTHESIS _969389 |
||
| 700 |
_aAdvisor Dr. Faheem Qaisar Jamal _969459 |
||
| 942 | _cCF | ||
| 999 |
_c576726 _d576726 |
||